El patrón de organizaciones de centroamérica en el siglo XIX /

שמור ב:
מידע ביבליוגרפי
מחבר ראשי: Smith, Carolyn
פורמט: לא ידוע
נושאים:
תגים: הוספת תג
אין תגיות, היה/י הראשונ/ה לתייג את הרשומה!

MARC

LEADER 000000000a22000000004500
001 005995
100 1 |a Smith, Carolyn 
245 1 3 |a El patrón de organizaciones de centroamérica en el siglo XIX /   |c Carolyn Smith. 
310 |a semestral 
650 4 |a GUATEMALA 
650 4 |a URBANISMO 
650 4 |a PATRON URBANO DE CENTROAMERICACOLONIAL 
650 4 |a ELITES GUATEMALTECAS 
773 |x 0377-7316  |d San José, Costa Rica : Editorial de la Universidad de Costa Rica  |t Anuario de Estudios Centroamericanos  |g número 16-17 (1991), página 26 
942 |c ARC 
999 |c 12640  |d 12640